[Event "Challenge"]
[Site "http://www.queenalice.com/game.php?id=1027005"]
[Date "2012.2.6"]
[Round "-"]
[White "lincolnvieira2012"]
[Black "plot24"]
[Result "1-0"]
[WhiteElo "1760"]
[BlackElo "1807"]

1. e4 e5 2. Nf3 Nc6 3. Bc4 d6 4. c3 Na5 5. Qa4+ c6 6. Be2 b5 7. Qd1 Nb7 8. d4
Qc7 9. Be3 g6 10. Nbd2 Bg7 11. dxe5 dxe5 12. c4 Nd6 13. c5 Nb7 14. O-O Nh6 15.
Ng5 Bd7 16. Qb3 O-O 17. f4 Ng4 18. f5 Nxe3 19. Qxe3 Bh6 20. Ndf3 a5 21. Qb3 Nxc5
22. Qc2 Nb7 23. Kh1 c5 24. Rad1 a4 25. Rd5 Bg7 26. Rfd1 Bc6 27. R5d2 Rad8 28.
Rxd8 Rxd8 29. Rxd8+ Qxd8 30. fxg6 fxg6 31. Ne6 Qf6 32. Nc7 c4 33. Nd5 Qf7 34.
Nb4 Bd7 35. Qc3 Bg4 36. Nc6 Bxf3 37. Bxf3 Qc7 38. Nb4 Nc5 39. Kg1 Qf7 40. Nc2
Qa7 41. Kf1 Nd3 42. Na3 b4 43. Qxc4+ Kh8 44. Qxd3 1-0

[Event "Game 01"]
[Site "http://www.queenalice.com/game.php?id=1034317"]
[Date "2012.2.29"]
[Round "-"]
[White "lincolnvieira2012"]
[Black "MarcosT"]
[Result "0-1"]
[WhiteElo "1749"]
[BlackElo "1811"]

1. e4 c5 2. Nf3 Nc6 3. Nc3 d6 4. d4 cxd4 5. Nxd4 Nf6 6. Be3 e5 7. Nf3 Be7 8. Bd3
O-O 9. O-O a6 10. Nd5 Nxd5 11. exd5 Na7 12. c4 b5 13. Bxa7 bxc4 14. Bxh7+ Kxh7
15. Be3 Bg4 16. Qc2+ Kg8 17. Nd2 Rc8 18. Qa4 Bg5 19. Nxc4 Bxe3 20. fxe3 Qg5 21.
Qxa6 Bh3 22. Rf2 Rfd8 23. Raf1 Qg6 24. Kh1 Qe4 25. Nxd6 Qg6 26. gxh3 Qxd6 27.
Qxd6 Rxd6 28. Rxf7 Rxd5 29. a4 Rb8 30. Rb1 Kxf7 0-1

[Event "Game 02"]
[Site "http://www.queenalice.com/game.php?id=1034318"]
[Date "2012.2.29"]
[Round "-"]
[White "MarcosT"]
[Black "lincolnvieira2012"]
[Result "1-0"]
[WhiteElo "1820"]
[BlackElo "1735"]

1. e4 e5 2. Nc3 Nc6 3. g3 Nf6 4. d3 d5 5. Bg5 Be7 6. exd5 Nxd5 7. Bxe7 Ndxe7 8.
Nf3 Bg4 9. Bg2 Nd5 10. Nxd5 Qxd5 11. O-O O-O 12. c4 Qe6 13. Re1 Rad8 14. Qb3
Bxf3 15. Bxf3 b6 16. a4 Nd4 17. Qd1 Kh8 18. Bd5 Qf6 19. b4 Rxd5 20. cxd5 Nf3+
21. Kg2 Nxe1+ 22. Qxe1 Qd6 23. Qe4 f5 24. Qc4 f4 25. f3 h5 26. h4 g5 27. hxg5
fxg3 28. Rh1 Qg6 29. Kxg3 Qxg5+ 30. Qg4 Qf4+ 31. Qxf4 exf4+ 32. Kh4 Rf5 33. Re1
Rxd5 34. Re8+ Kg7 35. Re7+ Kg6 36. Rxc7 a5 37. Rc6+ Kf7 38. Rxb6 axb4 39. Rxb4
Rxd3 40. Rxf4+ Kg6 41. Kg3 Kg5 42. Rb4 Rd5 43. Rb5 h4+ 44. Kh3 1-0

[Event "Matheus X derek"]
[Site "http://www.queenalice.com/game.php?id=1046048"]
[Date "2012.4.5"]
[Round "-"]
[White "lincolnvieira2012"]
[Black "frankcasadio"]
[Result "0-1"]
[WhiteElo "1734"]
[BlackElo "1948"]

1. e4 e5 2. Nf3 Nc6 3. Bc4 Bc5 4. c3 a6 5. d4 exd4 6. cxd4 Ba7 7. Nc3 d6 8. Bg5
f6 9. Bf4 Bg4 10. O-O Nxd4 11. Be2 Nxe2+ 12. Qxe2 Qd7 13. h3 Bxh3 14. gxh3 Qxh3
15. Nh2 g5 16. Bg3 Qxg3+ 17. Kh1 Qh3 18. Nd5 O-O-O 19. Qg4+ Qxg4 20. Nxg4 Rf8
21. Rac1 c6 22. Nc3 h5 23. Nh2 Nh6 24. f3 f5 25. Rfd1 fxe4 26. fxe4 Rf2 27. Rxd6
Bb8 28. Rg6 Rxh2+ 29. Kg1 g4 30. Re1 Rxb2 31. Rc1 h4 32. Rg5 Bh2+ 33. Kh1 g3 34.
e5 Re8 35. a4 Nf7 36. Rh5 Rxe5 37. Rxh4 Rc5 38. Rh7 Ng5 39. Rh8+ Kc7 40. a5 Ne4
41. Rh7+ Kb8 42. Rh8+ Ka7 43. Ne2 Rxc1+ 0-1

[Event "Derek x Matheus"]
[Site "http://www.queenalice.com/game.php?id=1046049"]
[Date "2012.4.5"]
[Round "-"]
[White "frankcasadio"]
[Black "lincolnvieira2012"]
[Result "1-0"]
[WhiteElo "1974"]
[BlackElo "1727"]

1. e4 e5 2. Nf3 d6 3. Bc4 Be7 4. d4 exd4 5. Nxd4 Nf6 6. Nc3 Nbd7 7. Nf5 O-O 8.
h4 Ne5 9. Nxe7+ Qxe7 10. Bb3 Be6 11. Bd2 Bxb3 12. axb3 Rad8 13. Rxa7 b6 14. Nb5
Rd7 15. Bg5 c6 16. Rxd7 Nexd7 17. Nxd6 h6 18. Bxf6 Nxf6 19. O-O Rd8 20. Nf5 Qc7
21. Qf3 Qe5 22. c3 Qxe4 23. Qxe4 Nxe4 24. Ne7+ Kf8 25. Nxc6 Rd2 26. f3 Ng3 27.
Rb1 Nf5 28. h5 Ng3 29. b4 Nxh5 30. g4 Nf4 31. b3 Nd5 32. c4 Nc3 33. Ra1 Ke8 34.
Ra8+ Kd7 35. Rd8+ Kxc6 36. Rxd2 b5 37. cxb5+ Kxb5 38. Rd7 Ne2+ 39. Kf2 Nf4 40.
Rb7+ Kc6 41. Rxf7 g5 42. Rf5 Nd3+ 43. Ke3 Nxb4 44. Kd4 Nc2+ 45. Kd3 Ne1+ 46. Kc4
Kd7 47. b4 Ng2 48. Kc5 Nh4 49. Rf6 Kc7 50. Rxh6 Nxf3 51. b5 Ne5 52. Rh7+ Kb8 53.
Rg7 Nxg4 54. Rxg5 Nf6 55. Kc6 Ka7 56. Kc7 Ne8+ 57. Kc6 Nf6 58. Kc7 Ne8+ 59. Kc6
Nf6 60. b6+ Kb8 61. Rg6 1-0

[Event "Challenge"]
[Site "http://www.queenalice.com/game.php?id=1050368"]
[Date "2012.4.19"]
[Round "-"]
[White "jujuju"]
[Black "lincolnvieira2012"]
[Result "1-0"]
[WhiteElo "1917"]
[BlackElo "1759"]

1. d4 d5 2. c4 dxc4 3. e3 Nf6 4. Bxc4 e6 5. Nf3 Be7 6. Nc3 Nc6 7. O-O O-O 8. e4
b6 9. Bf4 Bb7 10. Nb5 Bd6 11. e5 Nxe5 12. dxe5 Bc5 13. Qxd8 Raxd8 14. exf6 gxf6
15. Bh6 Rfe8 16. Nxc7 1-0

[Event "AEAP 2012"]
[Site "http://www.queenalice.com/game.php?id=1053384"]
[Date "2012.4.27"]
[Round "2"]
[White "lincolnvieira2012"]
[Black "MarcosT"]
[Result "0-1"]
[WhiteElo "1736"]
[BlackElo "1704"]

1. d4 d5 2. Nf3 c6 3. Nc3 Nf6 4. Bg5 e6 5. e3 Be7 6. Bd3 O-O 7. O-O c5 8. dxc5
Bxc5 9. Ne5 h6 10. Bh4 Nc6 11. Nf3 Be7 12. Ne2 a6 13. c3 b5 14. Ned4 Nxd4 15.
exd4 Qc7 16. Ne5 Bb7 17. Qf3 Ne4 18. Bxe7 Qxe7 19. Bxe4 dxe4 20. Qe3 Kh7 21. c4
bxc4 22. Nxc4 Qb4 23. b3 Bd5 24. Nd2 a5 25. a3 Qb7 26. Nc4 a4 27. Rfb1 axb3 28.
Rxb3 Qa6 29. Nd2 Bxb3 30. Nxb3 Qb7 31. Nc5 Qb2 32. Qxe4+ g6 33. Re1 Qxa3 34. Nd7
Qe7 35. Nxf8+ Qxf8 36. f4 Re8 37. d5 Qc5+ 38. Kh1 Qf2 39. Qb1 Qxf4 40. dxe6 Rxe6
0-1

[Event "Challenge"]
[Site "http://www.queenalice.com/game.php?id=1065420"]
[Date "2012.5.29"]
[Round "-"]
[White "lincolnvieira2012"]
[Black "plot24"]
[Result "1-0"]
[WhiteElo "1722"]
[BlackElo "1632"]

1. e4 e5 2. Nf3 Nc6 3. Bc4 Nf6 4. Nc3 d6 5. d4 Be7 6. O-O exd4 7. Nxd4 O-O 8.
Nxc6 bxc6 9. f4 Be6 10. Bd3 d5 11. e5 Ne4 12. Nxe4 dxe4 13. Bxe4 1-0

[Event "Challenge"]
[Site "http://www.queenalice.com/game.php?id=1088019"]
[Date "2012.7.28"]
[Round "-"]
[White "plot24"]
[Black "lincolnvieira2012"]
[Result "0-1"]
[WhiteElo "1699"]
[BlackElo "1721"]

1. d4 d5 2. c4 e6 3. Nf3 Nf6 4. Nc3 Nc6 5. Bg5 Be7 6. cxd5 Nxd5 7. Bxe7 Ncxe7 8.
Qc2 Nxc3 9. bxc3 b6 10. e4 c5 11. Bd3 cxd4 12. cxd4 Bb7 13. O-O O-O 14. e5 Ng6
15. Rfe1 f5 16. exf6 Qxf6 17. Rxe6 Qxe6 18. Re1 Qg4 0-1

[Event "Challenge"]
[Site "http://www.queenalice.com/game.php?id=1284337"]
[Date "2014.5.27"]
[Round "-"]
[White "frankcasadio"]
[Black "lincolnvieira2012"]
[Result "1-0"]
[WhiteElo "1939"]
[BlackElo "1720"]

1. e4 e5 2. Nf3 d6 3. Bc4 Be7 4. d4 exd4 5. Qxd4 Nf6 6. Nc3 O-O 7. Nd5 Nc6 8.
Nxe7+ Qxe7 9. Qe3 Ne5 10. Qb3 Nxc4 11. Qxc4 Qxe4+ 12. Qxe4 Nxe4 13. O-O Bd7 14.
b3 Rae8 15. Bb2 Re7 16. c4 Rfe8 17. h3 Nc5 18. Rad1 Re2 19. Rd2 Nd3 20. Bc3 Rxd2
21. Bxd2 Bc6 22. Be3 Nb4 23. a4 Bxf3 24. gxf3 Nd3 25. b4 Nxb4 26. Rb1 a5 27. Bd2
c5 28. Bf4 Re6 29. Kg2 h6 30. Rd1 Rg6+ 31. Bg3 Nc6 32. Rxd6 Nd4 33. Rd8+ Kh7 34.
Rd7 f5 35. f4 h5 36. h4 Rb6 37. Rd5 Rb4 38. Rxc5 Rxa4 39. Rc8 Nc6 40. Rf8 Kg6
41. c5 Rc4 42. Re8 Rxc5 43. Re2 a4 44. f3 a3 45. Be1 1-0

[Event "Challenge"]
[Site "http://www.queenalice.com/game.php?id=1284338"]
[Date "2014.5.27"]
[Round "-"]
[White "lincolnvieira2012"]
[Black "frankcasadio"]
[Result "1-0"]
[WhiteElo "1668"]
[BlackElo "1996"]

1. e4 e5 2. Nf3 Nc6 3. Bc4 Bc5 4. Nc3 d6 5. O-O a6 6. Re1 Bg4 7. h3 Bh5 8. Be2
g5 9. Nh2 Bg6 10. d3 f5 11. exf5 Bxf5 12. Qd2 Nd4 13. Nf3 Nxe2+ 14. Qxe2 g4 15.
hxg4 Bxg4 16. Qe4 Bxf3 17. Qxf3 c6 18. Ne4 Ba7 19. Qh5+ Kd7 20. Qf5+ Ke7 21.
Bg5+ 1-0

[Event "AEAP 2014"]
[Site "http://www.queenalice.com/game.php?id=1284347"]
[Date "2014.5.27"]
[Round "1"]
[White "lincolnvieira2012"]
[Black "Ebbe"]
[Result "1-0"]
[WhiteElo "1697"]
[BlackElo "1910"]

1. e4 e5 2. Nf3 d6 3. Bc4 f5 4. exf5 Bxf5 5. Nc3 e4 6. Nd4 g6 7. Nxf5 gxf5 8.
Qh5+ Kd7 9. d3 Ne7 10. Bg5 Kc8 11. Nd5 Nd7 12. O-O-O c6 13. Nf6 Nxf6 14. Bxf6 d5
15. Bb3 Qd7 16. Bxh8 Ng6 17. Bf6 Kc7 18. dxe4 fxe4 19. Rhe1 Re8 20. Bd4 Kb8 21.
Qe2 Nf4 22. Qd2 Nxg2 23. Rg1 Qh3 24. Qa5 b6 25. Bxb6 Re7 26. Bc5 Rf7 27. Bxf8
Rxf8 28. Qb4+ 1-0

[Event "Challenge 2014"]
[Site "http://www.queenalice.com/game.php?id=1285874"]
[Date "2014.6.3"]
[Round "-"]
[White "lincolnvieira2012"]
[Black "MarcosT"]
[Result "0-1"]
[WhiteElo "1699"]
[BlackElo "1844"]

1. e4 Nf6 2. Nc3 d5 3. exd5 Nxd5 4. Nxd5 Qxd5 5. d4 e5 6. Qh5 Be6 7. dxe5 Nc6 8.
Nf3 O-O-O 9. Bd3 g6 10. Qg5 Be7 11. Qe3 Rhe8 12. O-O Bc5 13. Qe4 Bf5 14. Qxd5
Rxd5 15. Bxf5+ gxf5 16. Bg5 Nxe5 17. Nxe5 Rdxe5 18. Rad1 Be7 19. Be3 h5 20. Rfe1
Bf6 21. c3 f4 22. Bd2 Rxe1+ 23. Bxe1 h4 24. Kf1 a5 25. Rd3 Bh8 26. f3 Bf6 27.
Rd5 b6 28. Rf5 Re6 29. Rxf4 Bg5 30. Rxf7 Bc1 31. b3 Bb2 32. Rh7 Re3 33. Rxh4
Bxc3 0-1

[Event "Challenge"]
[Site "http://www.queenalice.com/game.php?id=1290009"]
[Date "2014.6.23"]
[Round "-"]
[White "Raiman"]
[Black "lincolnvieira2012"]
[Result "1-0"]
[WhiteElo "2333"]
[BlackElo "1689"]

1. e4 e5 2. Nf3 Nc6 3. Bc4 Be7 4. O-O Nf6 5. d3 O-O 6. Nc3 d6 7. h3 Ne8 8. Nd5
Be6 9. c3 Bxd5 10. Bxd5 Nf6 11. Bb3 d5 12. Qe2 dxe4 13. dxe4 Qe8 14. Bg5 Rd8 15.
Rad1 Nd7 16. Be3 Nc5 17. Bd5 Bd6 18. b4 Na4 19. Qc2 Nb6 20. Bb3 a6 21. a3 Nd7
22. c4 Be7 23. Rd5 Bxb4 24. axb4 Nxb4 25. Qc3 Nxd5 26. cxd5 Rc8 27. Bc1 Nf6 28.
Re1 Nd7 29. Bb2 Kh8 30. Nxe5 1-0

[Event "Challenge"]
[Site "http://www.queenalice.com/game.php?id=1290010"]
[Date "2014.6.23"]
[Round "-"]
[White "Raiman"]
[Black "lincolnvieira2012"]
[Result "1-0"]
[WhiteElo "2282"]
[BlackElo "1722"]

1. Nf3 d6 2. d4 Nf6 3. c4 Bf5 4. Nc3 Nc6 5. Bg5 e6 6. e4 Bg4 7. Be2 Be7 8. O-O
O-O 9. Rc1 h6 10. Be3 Bxf3 11. gxf3 d5 12. cxd5 exd5 13. e5 Nh7 14. Kh1 Qd7 15.
Rg1 Bg5 16. f4 Be7 17. Bg4 Qd8 18. Bf3 Nb4 19. a3 Nc6 20. Nxd5 Re8 21. Be4 f5
22. Qb3 Kh8 23. Bf3 Nxd4 24. Bxd4 c6 25. Nxe7 Qxe7 26. Rg6 Nf8 27. Rf6 gxf6 28.
exf6 1-0

[Event "Challenge"]
[Site "http://www.queenalice.com/game.php?id=1296310"]
[Date "2014.7.21"]
[Round "-"]
[White "rockaudrey"]
[Black "lincolnvieira2012"]
[Result "1-0"]
[WhiteElo "2081"]
[BlackElo "1713"]

1. e4 e5 2. Nf3 Nc6 3. d4 exd4 4. Nxd4 Nxd4 5. Qxd4 d6 6. Nc3 Nf6 7. f3 Be7 8.
Be3 O-O 9. O-O-O Be6 10. h4 Nd7 11. h5 h6 12. g4 Bg5 13. f4 Bf6 14. Qd2 Bxg4 15.
Be2 Bxc3 16. bxc3 Be6 17. c4 Nf6 18. f5 Bd7 19. Rhg1 Nxe4 20. Qd4 1-0

[Event "Challenge"]
[Site "http://www.queenalice.com/game.php?id=1296311"]
[Date "2014.7.21"]
[Round "-"]
[White "lincolnvieira2012"]
[Black "rockaudrey"]
[Result "0-1"]
[WhiteElo "1711"]
[BlackElo "2083"]

1. e4 e6 2. Nf3 d5 3. exd5 exd5 4. d4 Nf6 5. Nc3 c6 6. Bf4 Be7 7. Bd3 Bg4 8. Qe2
O-O 9. h3 Bxf3 10. Qxf3 Qb6 11. O-O-O a5 12. Rhe1 Bb4 13. Na4 Qd8 14. c3 Bd6 15.
Bxd6 Qxd6 16. Nb6 Ra7 17. Qf5 g6 18. Qg5 Nbd7 19. Nxd7 Nxd7 20. Re7 Nf6 0-1